Statystyki dla Posłowie Sejmu RP X kadencji

Kliknij tutaj aby rozwiązać quiz!

Ogólne statystyki

  • Ten quiz został rozwiązany 193 razy
  • Średni wynik to 53 z 460

Statystyki odpowiedzi

Odpowiedź% Poprawnych
Michał Jaros
89%
Donald Franciszek Tusk
86%
Sławomir Mentzen
81%
Szymon Hołownia
81%
Grzegorz Braun
80%
Krzysztof Bosak
76%
Jarosław Kaczyński
71%
Władysław Kosiniak-Kamysz
69%
Paweł Kukiz
67%
Mateusz Morawiecki
64%
Karina Anna Bosak
63%
Włodzimierz Czarzasty
63%
Zbigniew Ziobro
63%
Jacek Sasin
60%
Borys Budka
59%
Elżbieta Witek
57%
Paweł Kowal
54%
Anna Maria Żukowska
53%
Konrad Berkowicz
51%
Mariusz Błaszczak
49%
Przemysław Czarnek
49%
Janusz Kowalski
46%
Adrian Zandberg
44%
Ryszard Terlecki
44%
Łukasz Litewka
43%
Ryszard Petru
41%
Agnieszka Dziemianowicz-Bąk
40%
Marek Jakubiak
40%
Joanna Scheuring-Wielgus
39%
Piotr Zgorzelski
39%
Antoni Macierewicz
37%
Klaudia Jachira
37%
Mariusz Kamiński
37%
Roman Giertych
37%
Barbara Nowacka
36%
Przemysław Wipler
36%
Ewa Kołodziej
34%
Krzysztof Śmiszek
34%
Marek Sawicki
34%
Michał Wawer
33%
Dorota Marek
31%
Jarosław Sachajko
31%
Łukasz Mejza
31%
Sławomir Nitras
31%
Łukasz Schreiber
30%
Joanna Mucha
29%
Michał Kołodziejczak
29%
Dariusz Matecki
27%
Dorota Niedziela
27%
Krzysztof Gawkowski
27%
Piotr Gliński
27%
Witold Tumanowicz
27%
Roman Fritz
26%
Stanisław Tyszka
26%
Aleksandra Karolina Wiśniewska
24%
Bogusław Wołoszański
24%
Kacper Płażyński
24%
Katarzyna Kotula
24%
Piotr Müller
24%
Waldemar Buda
24%
Andrzej Adamczyk
23%
Apoloniusz Tajner
23%
Maciej Wąsik
23%
Marcin Kierwiński
23%
Marek Ast
23%
Marek Suski
23%
Mariusz Gosek
23%
Paulina Hennig-Kloska
23%
Tomasz Dominik Trela
23%
Wanda Nowicka
23%
Katarzyna Anna Lubnauer
21%
Monika Wielichowska
21%
Piotr Borys
21%
Szymon Szynkowski vel Sęk
21%
Władysław Bartoszewski
21%
Cezary Tomczyk
20%
Dariusz Joński
20%
Filip Kaczyński
20%
Jan Krzysztof Ardanowski
20%
Marcelina Zawisza
20%
Michał Gramatyka
20%
Tomasz Zimoch
20%
Zbigniew Rau
20%
Daria Gosek-Popiołek
19%
Grzegorz Puda
19%
Kamila Gasiuk-Pihowicz
19%
Małgorzata Gosiewska
19%
Małgorzata Wassermann
19%
Paulina Matysiak
19%
Sebastian Kaleta
19%
Tomasz Siemoniak
19%
Aleksandra Gajewska
17%
Dorota Olko
17%
Izabela Bodnar
17%
Kinga Gajewska
17%
Maciej Konieczny
17%
Marlena Magdalena Maląg
17%
Piotr Kaleta
17%
Adam Andruszkiewicz
16%
Adam Michał Gomoła
16%
Adam Szłapka
16%
Elżbieta Duda
16%
Henryk Kowalczyk
16%
Izabela Leszczyna
16%
Jarosław Sellin
16%
Kamil Bortniczuk
16%
Michał Kobosko
16%
Michał Wójcik
16%
Monika Rosa
16%
Paweł Zalewski
16%
Radosław Fogiel
16%
Robert Kropiwnicki
16%
Robert Telus
16%
Ryszard Wilk
16%
Agnieszka Ścigaj
14%
Aleksandra Leo
14%
Bartłomiej Pejo
14%
Bartosz Arłukowicz
14%
Bronisław Foltyn
14%
Grzegorz Adam Płaczek
14%
Ireneusz Raś
14%
Jacek Ozdoba
14%
Krystyna Szumilas
14%
Krzysztof Hetman
14%
Krzysztof Tuduj
14%
Mateusz Bochenek
14%
Michał Paweł Dworczyk
14%
Michał Szczerba
14%
Rafał Bochenek
14%
Rajmund Miller
14%
Urszula Sara Zielińska
14%
Arkadiusz Myrcha
13%
Krzysztof Paszyk
13%
Marcin Warchoł
13%
Marek Gróbarczyk
13%
Paweł Bejda
13%
Piotr Adamowicz
13%
Stefan Krajewski
13%
Wiesław Krajewski
13%
Agnieszka Pomaska
11%
Andrzej Szejna
11%
Andrzej Tomasz Zapałowski
11%
Barbara Bartuś
11%
Bartłomiej Sienkiewicz
11%
Jacek Tomczak
11%
Krzysztof Brejza
11%
Krzysztof Czarnecki
11%
Magdalena Filiks
11%
Michał Woś
11%
Tadeusz Tomaszewski
11%
Urszula Pasławska
11%
Witold Wojciech Czarnecki
11%
Arkadiusz Marchewka
10%
Arkadiusz Mularczyk
10%
Krzysztof Mulawa
10%
Leonard Krasulski
10%
Małgorzata Tracz
10%
Marcin Józefaciuk
10%
Marek Kuchciński
10%
Marta Golbik
10%
Paweł Jabłoński
10%
Rafał Siemaszko
10%
Robert Gontarz
10%
Szymon Giżyński
10%
Urszula Nowogórska
10%
Wioleta Tomczak
10%
Włodzimierz Skalik
10%
Agnieszka Buczyńska
9%
Andrzej Domański
9%
Andrzej Gut-Mostowy
9%
Bolesław Piecha
9%
Bożena Żelazowska
9%
Dariusz Klimczak
9%
Dariusz Wieczorek
9%
Dominika Chorosińska
9%
Edward Siarka
9%
Jan Grabiec
9%
Jarosław Wałęsa
9%
Joanna Borowiak
9%
Joanna Lichocka
9%
Katarzyna Maria Piekarska
9%
Katarzyna Sójka
9%
Krzysztof Smoliński
9%
Magdalena Sroka
9%
Marcin Horała
9%
Marcin Ociepa
9%
Marzena Okła-Drewnowicz
9%
Mirosław Suchoń
9%
Paweł Szefernaker
9%
Paweł Szrot
9%
Tomasz Szymański
9%
Adam Dziedzic
7%
Anita Czerwińska
7%
Anita Kucharska-Dziedzic
7%
Anna Pieczarka
7%
Bartłomiej Wróblewski
7%
Bogdan Andrzej Zdrojewski
7%
Czesław Siekierski
7%
Dariusz Piontkowski
7%
Franciszek Sterczewski
7%
Grzegorz Bernard Napieralski
7%
Iwona Ewa Arent
7%
Jacek Świat
7%
Jarosław Rzepa
7%
Jarosław Zieliński
7%
Joanna Wicha
7%
Józefa Szczurek-Żelazko
7%
Katarzyna Ueberhan
7%
Konrad Frysztak
7%
Krystyna Skowrońska
7%
Krzysztof Tchórzewski
7%
Krzysztof Truskolaski
7%
Marcin Gwóźdź
7%
Marcin Przydacz
7%
Marek Biernacki
7%
Marek Gzik
7%
Marta Wcisło
7%
Michał Moskal
7%
Mirosława Stachowiak-Różecka
7%
Mirosław Maliszewski
7%
Waldemar Andzel
7%
Zbigniew Ziejewski
7%
Agnieszka Anna Soin
6%
Agnieszka Górska
6%
Agnieszka Maria Kłopotek
6%
Agnieszka Wojciechowska van Heukelom
6%
Andrzej Grzyb
6%
Anna Kwiecień
6%
Anna Milczanowska
6%
Bartosz Józef Kownacki
6%
Bożena Borys-Szopa
6%
Czesław Hoc
6%
Elżbieta Anna Polak
6%
Ewa Leniart
6%
Ewa Malik
6%
Iwona Hartwich
6%
Jacek Karnowski
6%
Jacek Protas
6%
Jakub Rutnicki
6%
Jan Kanthak
6%
Jarosław Urbaniak
6%
Krzysztof Szczucki
6%
Lidia Burzyńska
6%
Maciej Lasek
6%
Maria Kurowska
6%
Michał Cieślak
6%
Norbert Jakub Kaczmarczyk
6%
Piotr Babinetz
6%
Piotr Polak
6%
Radosław Lubczyk
6%
Rafał Komarewicz
6%
Rafał Weber
6%
Tadeusz Samborski
6%
Zbigniew Krzysztof Kuźmiuk
6%
Andrzej Gawron
4%
Andrzej Kosztowniak
4%
Anna Gembicka
4%
Anna Schmidt
4%
Anna Wojciechowska
4%
Artur Soboń
4%
Artur Szałabawka
4%
Barbara Dolniak
4%
Barbara Okuła
4%
Barbara Oliwiecka
4%
Czesław Mroczek
4%
Jacek Czerniak
4%
Jacek Osuch
4%
Jagna Marczułajtis-Walczak
4%
Jan Mosiński
4%
Janusz Cieszyński
4%
Joanna Frydrych
4%
Joanna Kluzik-Rostkowska
4%
Kazimierz Gwiazdowski
4%
Kazimierz Plocke
4%
Krzysztof Lipiec
4%
Łukasz Kmita
4%
Małgorzata Niemczyk
4%
Marcin Romanowski
4%
Maria Koc
4%
Marzena Anna Machałek
4%
Norbert Pietrykowski
4%
Patryk Wicher
4%
Paweł Bliźniuk
4%
Paweł Olszewski
4%
Ryszard Bartosik
4%
Tomasz Głogowski
4%
Urszula Augustyn
4%
Wiesław Szczepański
4%
Zbigniew Konwiński
4%
Adrian Witczak
3%
Aleksander Miszalski
3%
Andrzej Szewiński
3%
Anna Ewa Cicholska
3%
Anna Krupka
3%
Arkadiusz Czartoryski
3%
Artur Daniel Gierada
3%
Artur Jarosław Łącki
3%
Daniel Milewski
3%
Dariusz Stefaniuk
3%
Dorota Arciszewska-Mielewczyk
3%
Elżbieta Gelert
3%
Elżbieta Jolanta Burkiewicz
3%
Ewa Schädler
3%
Ewa Szymanowska
3%
Henryka Krzywonos-Strycharska
3%
Henryk Szopiński
3%
Ireneusz Zyska
3%
Izabela Katarzyna Mrzygłocka
3%
Jan Michał Dziedziczak
3%
Janusz Cichoń
3%
Karolina Pawliczak
3%
Kazimierz Gołojuch
3%
Krzysztof Ciecióra
3%
Krzysztof Sobolewski
3%
Maciej Małecki
3%
Magdalena Małgorzata Kołodziejczak
3%
Małgorzata Golińska
3%
Marcin Bosacki
3%
Marek Jan Chmielewski
3%
Marek Wesoły
3%
Maria Małgorzata Janyska
3%
Mariusz Krystian
3%
Mariusz Witczak
3%
Mirosław Adam Orliński
3%
Mirosława Nykiel
3%
Patryk Gabriel
3%
Patryk Jaskulski
3%
Paweł Hreniak
3%
Piotr Głowski
3%
Przemysław Witek
3%
Sebastian Łukaszewicz
3%
Sławomir Ćwik
3%
Sylwia Bielawska
3%
Tomasz Zieliński
3%
Weronika Smarduch
3%
Witold Zembaczyński
3%
Zbigniew Dolata
3%
Zbigniew Hoffmann
3%
Agata Wojtyszek
1%
Agnieszka Hanajczyk
1%
Aleksander Mikołaj Mrówczyński
1%
Alicja Chybicka
1%
Alicja Łepkowska-Gołaś
1%
Andrzej Kryj
1%
Andrzej Śliwka
1%
Anna Dąbrowska-Banaszek
1%
Anna Sobolak
1%
Arkadiusz Sikora
1%
Artur Chojecki
1%
Bartłomiej Dorywalski
1%
Dorota Łoboda
1%
Elżbieta Gapińska
1%
Fryderyk Sylwester Kapinos
1%
Gabriela Lenartowicz
1%
Grzegorz Gaża
1%
Grzegorz Matusiak
1%
Iwona Małgorzata Krawczyk
1%
Jarosław Wiesław Wieczorek
1%
Jerzy Materna
1%
Jerzy Polaczek
1%
Jolanta Niezgodzka
1%
Jolanta Zięba-Gzik
1%
Kamil Wnuk
1%
Katarzyna Czochara
1%
Katarzyna Osos
1%
Krystyna Sibińska
1%
Krzysztof Bojarski
1%
Krzysztof Gadowski
1%
Krzysztof Grabczuk
1%
Lucjan Marek Pietrzczyk
1%
Łukasz Osmalak
1%
Łukasz Ścieborowski
1%
Maja Ewa Nowak
1%
Małgorzata Gromadzka
1%
Małgorzata Pępek
1%
Marcin Grabowski
1%
Marcin Kulasek
1%
Marcin Porzucek
1%
Marcin Skonieczka
1%
Marek Rząsa
1%
Marek Sowa
1%
Marek Tomasz Hok
1%
Mariusz Kałużny
1%
Michał Krawczyk
1%
Michał Pyrzyk
1%
Olga Ewa Semeniuk-Patkowska
1%
Paweł Papke
1%
Paweł Sałek
1%
Paweł Suski
1%
Piotr Górnikiewicz
1%
Piotr Król
1%
Piotr Paweł Strach
1%
Piotr Uruski
1%
Rafał Kasprzyk
1%
Renata Urszula Rak
1%
Robert Dowhan
1%
Robert Wardzała
1%
Robert Warwas
1%
Sławomir Zawiślak
1%
Stanisław Gorczyca
1%
Stanisław Szwed
1%
Tadeusz Chrzan
1%
Tadeusz Woźniak
1%
Tomasz Kostuś
1%
Urszula Rusecka
1%
Waldemar Sługocki
1%
Wiesław Różyński
1%
Władysław Dajczak
1%
Wojciech Król
1%
Wojciech Saługa
1%
Wojciech Szarama
1%
Zbigniew Bogucki
1%
Zbigniew Chmielowiec
1%
Zbigniew Sosnowski
1%
Zofia Czernow
1%
Adam Krzemiński
0%
Adam Luboński
0%
Bartosz Romowicz
0%
Bartosz Zawieja
0%
Danuta Jazłowiecka
0%
Grzegorz Lorek
0%
Grzegorz Piechowiak
0%
Grzegorz Rusiecki
0%
Grzegorz Woźniak
0%
Henryk Kiepura
0%
Iwona Karolewska
0%
Iwona Maria Kozłowska
0%
Jacek Bogucki
0%
Jacek Niedźwiedzki
0%
Jan Warzecha
0%
Katarzyna Kierzek-Koperska
0%
Katarzyna Matusik-Lipiec
0%
Kazimierz Bogusław Choma
0%
Krystian Łuczak
0%
Krzysztof Habura
0%
Krzysztof Lubów
0%
Łukasz Horbatowski
0%
Maciej Wróbel
0%
Magdalena Filipek-Sobczak
0%
Marek Krząkała
0%
Marek Matuszewski
0%
Michał Wojciech Zubowski
0%
Paweł Rychlik
0%
Paweł Śliz
0%
Piotr Kandyba
0%
Piotr Lachowicz
0%
Piotr Uściński
0%
Przemysław Drabek
0%
Sławomir Skwarek
0%
Stanisław Lamczyk
0%
Stanisław Tomczyszyn
0%
Sylwester Tułajew
0%
Szymon Pogoda
0%
Teresa Pamuła
0%
Teresa Wilk
0%
Tomasz Piotr Nowak
0%
Władysław Kurowski
0%
Włodzimierz Giziński
0%
Żaneta Cwalina-Śliwowska
0%
Zdzisław Gawlik
0%

Rozkład punktacji

Percentyl według liczby udzielonych odpowiedzi

Procent ludzi z każdym wynikiem

Twoja historia wyników

Nie rozwiązałeś tego quizu